000
00288nam a2200121 a 4500
005
20140412111423.0
008
080123s19uu xx 00 eng d
050
_a
ER
_b
Ko84 v.7 2001
245
_a
Korean book 7.
260
_a
Korea :
_b
Froebel,
_c
24p.
300
_a
unp.
999
_c
106130
_d
106130